Zen: la sabiduría práctica

Gorde:
Xehetasun bibliografikoak
Egile nagusia: Santos Nalda, José (Egilea)
Formatua: Liburua
Hizkuntza:gaztelania
Argitaratua: Barcelona Paido tribo 1993
Gaiak:
Etiketak: Etiketa erantsi
Etiketarik gabe, Izan zaitez lehena erregistro honi etiketa jartzen!

MARC

LEADER 00000nam a2200000 a 4500
001 UCW7868
003 CL-VaPUC
008 930924e19930000SP |||||||||||||||||spa|d
082 0 4 |a 294.392  |b SAN  |2 21 
100 0 |a Santos Nalda, José  |e author  |9 313092 
245 1 0 |a Zen: la sabiduría práctica 
300 |a 286 p 
942 |c BK 
945 |d 19930924 00:00:00 
260 |a Barcelona  |b Paido tribo  |c 1993 
650 0 |a Zen  |9 313093 
650 7 |a MEDITACION  |2 CL-VaPUC  |9 313094 
583 |a last modification  |c 19930924 00:00:00  |k Rodrigo Vera 
999 |c 220509  |d 220507 
952 |0 0  |1 0  |4 0  |6 294_392000000000000_SAN_1993  |7 0  |8 A  |9 212826  |a BIBEDU  |b BIBEDU  |d 2019-11-15  |i 2809958  |o 294.392 SAN 1993  |p 2809958  |r 2019-11-15  |w 2019-11-15  |y BK  |k EDU